Pricing petroleum products : strategies of eleven industrial nations /

Bibliographic Details
Main Author: Krapels, Edward N.
Format: Book
Language:English
Published: New York, N.Y. : Platt's Oilgram News : McGraw-Hill, [1982]
Subjects:

MARC

Tag First Indicator Second Indicator Subfields
LEADER 00000pam a2200000 a 4500
001 in00000470621
005 20151012171212.0
008 810810s1982 nyua b 00110 eng
010 |a  81080924  
020 |a 0076067467 :  |c $77.00 
035 |a (OCoLC)07730944 
035 |9 ACA0463AM 
039 0 |a 2  |b 3  |c 3  |d 3  |e 3 
040 |a DLC  |c DLC  |d TXA  |d UtOrBLW 
049 |a TXAM  |c [1634319] 
050 0 0 |a HD9560.4  |b  K72 1982 
082 0 |a 338.2/3  |2 19 
100 1 |a Krapels, Edward N. 
245 1 0 |a Pricing petroleum products :  |b strategies of eleven industrial nations /  |c Edward N. Krapels. 
264 1 |a New York, N.Y. :  |b Platt's Oilgram News :  |b McGraw-Hill,  |c [1982] 
264 4 |c ©1982 
300 |a xviii, 272 pages :  |b illustrations ;  |c 27 cm. 
336 |a text  |b txt  |2 rdacontent 
337 |a unmediated  |b n  |2 rdamedia 
338 |a volume  |b nc  |2 rdacarrier 
504 |a Includes bibliographical references and index. 
650 0 |a Petroleum products  |x Prices. 
999 |a MARS 
999 f f |s 4fe53e55-6730-33e6-ad2f-3400489c20be  |i 02907b52-4d0d-3c35-a79c-7b1b3209e9b5  |t 0 
952 f f |p ric  |a Texas A&M University  |b Rellis Campus  |c Joint Library Facility  |d Remote Storage  |t 0  |e HD9560.4 K72 1982  |h Library of Congress classification  |i unmediated -- volume  |m A14806459212 
998 f f |a HD9560.4 K72 1982  |t 0  |l Remote Storage